Od IDA cez IDA II k IDABC. Komunitárne programy Európskej komisie

Komunitárny program IDA (Interchange of data between administrations - výmena informácií medzi verejnými správami) je strategická iniciatíva Európskej komisie. Využíva pokrok v informačných a komunikačných technológiách na podporu rýchlej a efektívnej elektronickej výmeny informácií medzi verejnými...

Descripción completa

Guardado en:
Detalles Bibliográficos
Autor principal: Bandurič, Igor, 1980-
Formato: Capítulo de libro
Lenguaje:eslovaco
Materias:
Etiquetas: Agregar Etiqueta
Sin Etiquetas, Sea el primero en etiquetar este registro!

MARC

LEADER 00000nla$a2200000$$$4500
001 0060699
005 20240502071655.9
041 0 |a slo 
044 |a SK 
245 1 0 |a Od IDA cez IDA II k IDABC. Komunitárne programy Európskej komisie  |c Igor Bandurič 
520 |a Komunitárny program IDA (Interchange of data between administrations - výmena informácií medzi verejnými správami) je strategická iniciatíva Európskej komisie. Využíva pokrok v informačných a komunikačných technológiách na podporu rýchlej a efektívnej elektronickej výmeny informácií medzi verejnými správami členských krajín EÚ. Programy IDA I, IDA II a IDABC. Štatistické údaje finančnej podpory v jednotlivých politických oblastiach. Informovanosť samospráv o programe IDA. 
610 2 0 |a informatizácia 
610 2 0 |a technológie informačné 
610 2 0 |a technológie komunikačné 
610 2 0 |a administratíva 
610 2 0 |a samospráva 
610 2 0 |a sektor verejný 
610 2 0 |a správa verejná elektronická 
610 2 0 |a Európska únia 
100 1 |a Bandurič, Igor, 1980-